00558 2200169 4500245003700000020002200037250001100059100001500070650001600085005001900101260004400120041001400164084000800178300002900186500016400215336000900379 aCinta Dua KodicAsma NadiahText a978-602-9055-55-9 aCet. 1 aAsma Nadia aNovel Fiksi a20240520105004 aDepokbAsmaNadia Publishing Housec2017 aIndonesia a813 avi, 378 hlm. :c20.5 cm. aPerempuan mana yang tak ingin hidupnya dipenuhi pendar kebahaguaan? Tetapi waktu sering kali tak menyisakan ruang untuk bertanya, bahkan sekedar menarik napas. atext